Fr. Conceicao Rodrigues College of Engineering

1-2-3 Release 2.3 the complete reference (Record no. 18985)

MARC details
000 -LEADER
fixed length control field 00330nam a2200145Ia 4500
082 ## - DEWEY DECIMAL CLASSIFICATION NUMBER
Classification number 5.13
Item number PAN
100 ## - MAIN ENTRY--PERSONAL NAME
Personal name Mary campbell
245 ## - TITLE STATEMENT
Title 1-2-3 Release 2.3 the complete reference
260 ## - PUBLICATION, DISTRIBUTION, ETC.
Name of publisher, distributor, etc. Mc Graw Hill
Place of publication, distribution, etc. New York
Date of publication, distribution, etc. 1991
300 ## - PHYSICAL DESCRIPTION
Extent 1072
546 ## - LANGUAGE NOTE
Language note ENGLISH
654 ## - SUBJECT ADDED ENTRY--FACETED TOPICAL TERMS
Focus term 1-2-3 Release 2.3
942 ## - ADDED ENTRY ELEMENTS (KOHA)
Koha item type BOOK
Holdings
Withdrawn status Lost status Damaged status Not for loan Collection Home library Current library Date acquired Source of acquisition Cost, normal purchase price Total Checkouts Full call number Barcode Date last seen Cost, replacement price Price effective from Koha item type
        CRC Fr. Agnel's C.Rodrigues College of Engineering Fr. Agnel's C.Rodrigues College of Engineering 17/03/2023 global books 135.00   5.13 PAN 6729 17/03/2023 135.00 17/03/2023 BOOK
        CRC Fr. Agnel's C.Rodrigues College of Engineering Fr. Agnel's C.Rodrigues College of Engineering 17/03/2023 global books 135.00   5.13 PAN 6730 17/03/2023 135.00 17/03/2023 BOOK
        CRC Fr. Agnel's C.Rodrigues College of Engineering Fr. Agnel's C.Rodrigues College of Engineering 17/03/2023 global books 135.00   5.13 PAN 6731 17/03/2023 135.00 17/03/2023 BOOK
        CRC Fr. Agnel's C.Rodrigues College of Engineering Fr. Agnel's C.Rodrigues College of Engineering 17/03/2023 global books 135.00   5.13 PAN 6732 17/03/2023 135.00 17/03/2023 BOOK